al-Ṣīn al-Shaʻbīyah.
محفوظ في:
المؤلف الرئيسي:
التنسيق: كتاب
اللغة: Arabic
منشور في:
[Cairo :
Dār al-Nadīm,
[1955].
الموضوعات:
الوسوم: إضافة وسم
لا توجد وسوم, كن أول من يضع وسما على هذه التسجيلة!
رقم الطلب: DS777.5 .A93
| LEADER | 00646nam a22002177a 4500 | ||
|---|---|---|---|
| 003 | OSt | ||
| 005 | 20251221092613.0 | ||
| 008 | 251221t1955 ua a 000 0 ara d | ||
| 040 | |c ARCE Library | ||
| 043 | |a a-cc--- | ||
| 050 | 1 | 4 | |a DS777.5 |b .A93 |
| 100 | 1 | |6 880-01 |a ʻAwdah, Muḥammad, |e author | |
| 245 | 1 | 3 | |6 880-02 |a al-Ṣīn al-Shaʻbīyah. |
| 264 | 1 | |a [Cairo : |b Dār al-Nadīm, |c [1955]. | |
| 300 | |a 190 pages : |b illustrations ; |c 20 cm. | ||
| 651 | 0 | |a China |x History |y 20th century. | |
| 880 | 1 | |6 100-01/(3/r |a عودة، محمد | |
| 880 | 1 | 2 | |6 245-02/(3/r |a الصين الشعبية |
| 901 | |a reviewed | ||
| 942 | |c BK |2 lcc | ||
| 999 | |c 26084 |d 26084 | ||
